000 01360cam a22003857a 4500
003 CHAP
005 20220817043028.0
008 971010s1983 r 00010 d
010 _a63247
011 _a64219
035 _a69480
040 _cCHAP
082 0 4 _a634.81
_bA5
100 0 0 _aAmat LLabrés, Juan.
_95163
245 1 3 _aEl cultivo de la vid
260 _aBarcelona :
_bSíntes,
_c1983
300 _a264 p.
_b: ilus.
490 0 _aBiblioteca naturista
590 _aBATCH-UPD
_b10
_c20130110
_lUCH01
_h0309
590 _aBATCH-UPD
_b10
_c20130110
_lUCH01
_h1725
590 _aBATCH-UPD
_b10
_c20130409
_lUCH01
_h2341
590 _aBATCH-UPD
_b10
_c20130914
_lUCH01
_h0307
590 _aCONVERSION
_b10
_c20130109
_lUCH01
_h1334
650 1 4 _aVid.
_9119097
650 1 4 _aViticultura.
830 0 _aBiblioteca naturista
_912454
901 _aBK
942 _cLIBRO
949 _a634.81 A5
_bBC
_cLIBRO
_d33724000210944
_eLIBRO
_gI.123884
_h63631
_i69480
_si
949 _a634.81 A5
_bBC
_cLIBRO
_d33724000210951
_eLIBRO
_fc.3
_h63633
_i69480
_si
949 _a634.81 A5
_bBC
_cLIBRO
_d33724000210969
_eLIBRO
_fc.4
_h74993
_i69480
_si
949 _a634.81 A5
_bBC
_cLIBRO
_d33724002204983
_eLIBRO
_fc.2
_gI.123885
_h63632
_i69480
_si
949 _a634.81 A5
_bBC
_cLIBRO
_dD_1F72E
_eLIBRO
_fc.4
_h74993
_i69480
_si
949 _a634.81 A5
_bP
_cLIBRO
_dD_1F72B
_eLIBRO
_fc.2
_h523
_i69480
_si
999 _c63247
_d63247